Jurisprudencia constitucional : (Registro nro. 28483)

Detalles MARC
000 -LEADER
fixed length control field 00840nam a2200217Ia 4500
003 - CONTROL NUMBER IDENTIFIER
control field CO-CtgCURN
005 - DATE AND TIME OF LATEST TRANSACTION
control field 20250407215303.0
008 - FIXED-LENGTH DATA ELEMENTS--GENERAL INFORMATION
fixed length control field 190722s9999 xx 000 0 und d
040 ## - CATALOGING SOURCE
Original cataloging agency CO-CtgCURN
Language of cataloging spa
Transcribing agency coctgcurn
082 ## - DEWEY DECIMAL CLASSIFICATION NUMBER
Classification number 342.86
Item number F715j
100 ## - MAIN ENTRY--PERSONAL NAME
Personal name Forero Bautista, José M.
Relator term autor
9 (RLIN) 7261
245 #0 - TITLE STATEMENT
Title Jurisprudencia constitucional :
Remainder of title primer semestre 1995 /
Statement of responsibility, etc. José M. Forero Bautista
260 ## - PUBLICATION, DISTRIBUTION, ETC.
Place of publication, distribution, etc. Bogotá, Colombia :
Name of publisher, distributor, etc. Ediciones Doctrina y Ley,
Date of publication, distribution, etc. 1996
300 ## - PHYSICAL DESCRIPTION
Extent 2 volúmenes ;
Dimensions 22 centímetros
521 ## - TARGET AUDIENCE NOTE
Target audience note AREA PROFESIONAL
590 ## - LOCAL NOTE (RLIN)
Local note Programa de Derecho_18
650 ## - SUBJECT ADDED ENTRY--TOPICAL TERM
Topical term or geographic name entry element Derecho constitucional y administrativo
9 (RLIN) 7262
942 ## - ADDED ENTRY ELEMENTS (KOHA)
Koha item type Libros
Classification part 342.86
Item part F715j
Source of classification or shelving scheme Dewey Decimal Classification
Suppress in OPAC No
Existencias
Withdrawn status Lost status Damaged status Not for loan Collection Home library Current library Shelving location Date acquired Inventory number Total checkouts Full call number Barcode Date last seen Copy number Price effective from Koha item type
          Miguel Henríquez Castañeda Barranquilla Miguel Henríquez Castañeda Barranquilla General 05/23/2018 01082   342.86 F715j 01082 07/22/2019 v.1 ej.1 07/22/2019 Libros
          Miguel Henríquez Castañeda Barranquilla Miguel Henríquez Castañeda Barranquilla General 05/23/2018 01083   342.86 F715j 01083 07/22/2019 v.2 ej.1 07/22/2019 Libros